01024 2200349 4500001002100000005001500021035002500036090002100061245011100082260003500193300003100228008004100259040001200300082002100312084002300333100003300356650003500389700002500424700003000449700002300479700002400502850001200526999002100538990001200559990001200571990001200583990001200595990003100607990001200638990001200650990001200662YOGYA00000000002690120211228015516 a0010-081400000026619 aCB-D.11 1990-34510aBeberapa seniman Yogyakarta ke 3 /cRob. M. Mudjiono; penyunting, Suprapto, Teguh Suwarto, Suroso, Sukidjo31aYogyakarta :bDepdikbud,c1990 a62 Hlm. :bIlus. ;c19 cm.130812s1990 yoio g ind d aYOPDYOG04222a927.09922227 a927.09922227 MUD b1 aMudjiono, Rob. M.epengarang 4aBiografi seniman--zYogyakarta0 aSupraptoepenyunting0 aTeguh Suwartoepenyunting0 aSurosoepenyunting0 aSukidjoepenyunting aYOPDYOG aCB-D.11/1990-345 a14053-D a14054-D a14055-D a14057-D aCB-D.11/1990-345 (14053-D) a14054-D a14055-D a14057-D